Summa Tapatía /
Salvato in:
| Autore principale: | |
|---|---|
| Natura: | Libro |
| Lingua: | spagnolo |
| Soggetti: | |
| Tags: |
Nessun Tag, puoi essere il primo ad aggiungerne!!
|
MARC
| LEADER | 00000nam^a2200000^a^4500 | ||
|---|---|---|---|
| 001 | 000032021 | ||
| 005 | 20250521000000.0 | ||
| 009 | 20260310085104.447 | ||
| 037 | |a Acervo ITESO - Biblioteca | ||
| 041 | |a ESP | ||
| 082 | |a 927. 032 |b MER | ||
| 100 | |a Mercado, José María |e (autor) | ||
| 245 | 1 | 0 | |a Summa Tapatía / |c J. M. Mercado; recop. de: Juan López. |
| 264 | |a Guadalajara, México : |b Ayuntamiento de Guadalajara, |c 1973 | ||
| 300 | |a 350 p. | ||
| 336 | |a texto |b txt |2 rdacontenido | ||
| 337 | |a sin mediación |b n |2 rdamedio | ||
| 338 | |a volumen |b nc |2 rdasoporte | ||
| 649 | |a XX | ||
| 650 | |a Guadalajara, Jalisco - |x Historia | ||
| 650 | |a México - |x Historia - |y Guerra de Independencia, 1810-1821 | ||
| 910 | |a Fondo General | ||
| 920 | |a Impresos - Libros | ||
| 930 | |a Colección General | ||
| 905 | |a 101 | ||
| 901 | |a 0320210100 |b IT1 |c ACC |i 032021 |u 20250521 | ||
| 902 | |a https://opac.biblio.iteso.mx/vufind/Record/000032021 | ||